Doom Weapons - Statistics

General Stats
  • This quiz has been taken 26 times
  • The average score is 13 of 59
Answer Stats
Game(s) Answer % Correct
Doom, II, Final, 64, 3, 2016 Pistol
80%
Doom, II, Final, 64, 3, 2016, Eternal, TDA Rocket launcher
80%
Doom, II, Final, 64, 3 Shotgun
80%
Doom, II, Final, 64, 3, 2016, Eternal Chainsaw
70%
Doom II, Final, 64, 2016, Eternal, TDA Super Shotgun
70%
Doom, II, Final, 64, 3, 2016, Eternal BFG9000
60%
Doom, II, Final, 64, 3, 2016, Eternal Chaingun
50%
Doom (2016), Eternal Plasma rifle
50%
Doom 64, Eternal Unmaker / Unmaykr
50%
Doom Eternal Ballista
40%
Doom Eternal Crucible
40%
Doom, II, Final, 64, 3 Fist
40%
Doom 3 Machine gun
40%
Doom (2016) Gauss cannon
35%
Doom 3 Grenade
35%
Doom (2016), Eternal, TDA Combat shotgun
30%
Doom, II, Final, 64, 3 Plasma gun
30%
The Ancient Gods, Part Two Sentinel Hammer
25%
Resurrection of Evil Double barrel shotgun
20%
Doom 3 Flashlight
20%
Doom (2016) Heavy assault rifle
20%
Doom Eternal Heavy cannon
20%
Doom 3 Soul cube
20%
Doom: The Dark Ages Ballistic force crossbow
15%
Legacy of Rust Calamity blade
15%
Resurrection of Evil Grabber
15%
Doom (2016) (multiplayer), TDA Grenade launcher
15%
Doom: The Dark Ages Impaler
15%
Doom: The Dark Ages Shredder
15%
Resurrection of Evil The Artifact
15%
Doom: The Dark Ages Accelerator
10%
Doom: The Dark Ages Cycler
10%
Doom Eternal Doomblade
10%
Doom: The Dark Ages Dreadmace
10%
Doom: The Dark Ages Flail
10%
Doom (2016) Frag grenade
10%
Doom (2016) Hologram
10%
Legacy of Rust Incinerator
10%
Doom: The Dark Ages Power gauntlet
10%
Doom (2016) Siphon grenade
10%
Doom (2016) (multiplayer) Burst rifle
5%
Doom: The Dark Ages Chainshot
5%
Doom (2016) (multiplayer) EMG Mark V pistol
5%
Doom Eternal Equipment launcher
5%
Doom (2016) (multiplayer) Hellshot
5%
Doom (2016) (multiplayer) Lateral thrusters
5%
Doom (2016) (multiplayer) Lightning gun
5%
Doom (2016) (multiplayer) Personal teleporter
5%
Doom: The Dark Ages Pulverizer
5%
Doom: The Dark Ages Ravager
5%
Doom (2016) (multiplayer) Reaper
5%
Doom: The Dark Ages Shield saw
5%
Doom (2016) (multiplayer) Static cannon
5%
Doom (2016) (multiplayer) Tesla rocket
5%
Doom (2016) (multiplayer) Threat pulse
5%
Doom (2016) (multiplayer) Threat sensor
5%
Doom (2016) (multiplayer) Vortex rifle
5%
Doom (2016) (multiplayer) Kinetic mine
0%
Doom (2016) (multiplayer) Shield wall
0%
No matching quizzes found
Score Distribution
Percent of People with Each Score
Percentile by Number Answered
Your Score History
You have not taken this quiz